Children talking television : the making of television literacy
Saved in:
| Main Author: | |
|---|---|
| Format: | Book |
| Language: | English |
| Published: |
London :
The Falmer Press,
1993
|
| Series: | Critical perspectives on literacy and education
|
| Subjects: | |
| Tags: |
Add Tag
No Tags, Be the first to tag this record!
|
MARC
| LEADER | 00000nam a2200000 i 4500 | ||
|---|---|---|---|
| 001 | 1/95081 | ||
| 008 | 991203s1993 eng d | ||
| 020 | |a 0-75070-110-2 | ||
| 035 | |l 10055136 | ||
| 040 | |a GR-MY-UA |b gre |e aacr | ||
| 041 | 0 | |a eng | |
| 082 | 0 | |a 302.2345083 | |
| 100 | 1 | |a Buckingham, David |d 1954- | |
| 245 | 1 | 0 | |a Children talking television : |b the making of television literacy / |c David Buckingham |
| 260 | |a London : |b The Falmer Press, |c 1993 | ||
| 300 | |a 321 p. | ||
| 490 | 1 | |a Critical perspectives on literacy and education | |
| 650 | 0 | 0 | |a Television and children. |
| 650 | 0 | 0 | |a Television in education. |
| 650 | 0 | 0 | |a Visual literacy. |
| 830 | 0 | |a Critical perspectives on literacy and education | |
| 852 | |a INST |b RHODES |e 19991203 |h 302.2345083 BUC |p 005400012742 |q 005400012742 |t BK |y 0 | ||
| 901 | |a BIBL4-1999-3 | ||
| 909 | |a Ρ |b 069976 | ||
| 922 | |a 4ΕΛΗ |b 199910 |c ΚΠΣ/154 |d GLORY BOOKS | ||
| 970 | |a ΚΟΥΛΑΚΙΟΤΗ |b ΛΙΤΣΑ |z 1999/12/03 | ||